Statistics for The 5 Least Guessed Countries - With Continent

Click here to take the quiz!

General Stats

  • This quiz has been taken 18 times
  • The average score is 4 of 5

Answer Stats

HintAnswer% Correct
OceaniaNauru
100%
OceaniaKiribati
89%
AfricaSão Tomé and Príncipe
89%
AfricaComoros
83%
North AmericaSaint Vincent and the Grenadines
83%

Score Distribution

Percentile by Number Answered

Percent of People with Each Score

Your Score History

You have not taken this quiz